| 000 | 00457nab a2200181 a 4500 | ||
|---|---|---|---|
| 001 | 25350 | ||
| 003 | 85313 | ||
| 005 | 20201118100454.0 | ||
| 008 | ||||||n9999 ||| || || | ||
| 100 | _aOffe, Claus | ||
| 245 | 0 | _aSocial Policy and the theory of the state | |
| 300 | _av. 1, pp. 115-131 | ||
| 562 | _e0 | ||
| 650 | _aPOLÍTICA SOCIAL | ||
| 650 | _aTEORÍA DEL ESTADO | ||
| 773 |
_025347 _aTeoria de las politicas publicas |
||
| 942 | _cANADO | ||
| 999 |
_c25350 _d25350 |
||